| 000 | 00435nam a2200181Ia 4500 | ||
|---|---|---|---|
| 999 |
_c43409 _d43409 |
||
| 003 | 0100 | ||
| 005 | 20180227102206.0 | ||
| 008 | 130303s9999 xx 000 0 und d | ||
| 040 | _cARRUPELIB | ||
| 050 | _aBX2179.L7P961963 | ||
| 100 |
_aST. Ignatius _939644 |
||
| 245 | 4 | _aThe Spiritual Exercises of Saint Ignatius | |
| 260 | _aLondon | ||
| 260 | _bBurns Oates | ||
| 300 | _a124p | ||
| 650 |
_aSpiritual exercises _xText _98217 |
||
| 700 |
_aA Translation by Thomas Corbishley _939645 |
||
| 942 | 0 | 0 |
_02 _2lcc _cMONOGRAPH |